| 000 | 01272cam a22002174a 4500 | ||
|---|---|---|---|
| 005 | 20250605164049.0 | ||
| 008 | 250528s ||||||||||||||||||||||||d | ||
| 035 | _a17218 | ||
| 020 | _a7666482 | ||
| 040 |
_aGR-AtMCL _bgre _dGR-AtMCL _eAACR2 |
||
| 245 | 1 | _aEconomics / Third Edition | |
| 250 | _a3rd | ||
| 260 |
_bMcgraw Hill Book Company, _c1986 |
||
| 300 | _a836 | ||
| 520 | _aPreface, Acknowledgements, Basic Economic Concepts, Economic Problems and Economic Goals, Scarcity and Choice, Specialization and Exchange and Money, Demand and Supply: The Market Mechanism, The Economic Role of Government, Business Organization and Finance, High Employment and a Stable Price Level, High Employment and a Stable Price Level, Measuring National Product and National Income, Fluctuations in Economic Activity: Unemployment and Inflation, Equilibrium with Employment: The Keynesian Approach, Aggregate Demand Policies, Great Macroeconomic Issues of Our Time, Microeconomics: Is Our Output Produced Efficiently?, Demand, Monopoly, Economic Efficiency: Issues of Our Time, Microeconomics: How Income is Distributed, Glossary, Biography, Index. | ||
| 700 | 1 |
_aWonnacott Paul _93383 |
|
| 700 | 1 |
_aWonnacott Ronald J _93239 |
|
| 942 | _cBK | ||
| 999 |
_c2651 _d2651 |
||